000 00878cam a2200301 4500
001 M1595
008 090401t1994 xxu||||| |||| 00| 0 eng d
035 _a(Sirsi) u33183
041 _aeng
050 _a333.73
110 _aUnited Kingdom
_bDepartment of the Environment
_9982
245 _aInformation systems for land contamination.
260 _aLondon
_bDepartment of the Environment
_c1994
300 _a47p. : ill.,maps ; 30cm.
350 _a7
490 _aContaminated Land Research Report
490 _aCLR Report
_v5
520 _aPrepared by Meta Generics Ltd.
650 _aCONTAMINATED LAND
650 _aDATABASES
650 _aINFORMATION SYSTEMS
650 _aMANAGEMENT-BUSINESS MANAGEMENT-INFORMATION MANAGEMENT
650 _aRISK ASSESSMENT
690 _aLAND
710 _aMeta Generics Ltd.
_91492
942 _n0
948 _c04/03/1997
999 _c89784
_d89784